[Event "SRB-ch sf (Women)"]
[Site "Paracin"]
[Date "2024.02.09"]
[Round "6"]
[White "Milicevic, Dunja"]
[Black "Vujovic, Vera"]
[Result "0-1"]
[WhiteElo "1432"]
[BlackElo "2123"]
[PlyCount "70"]
[EventDate "2024.02.05"]
[EventType "tourn"]
[EventRounds "9"]
[EventCountry "SRB"]
[SourceTitle "CB08_2024"]
[SourceDate "2024.02.21"]
[SourceVersion "1"]
[SourceVersionDate "2024.02.21"]
[SourceQuality "1"]

1. e4 e5 2. Nf3 Nc6 3. Bb5 a6 4. Ba4 b5 5. Bb3 Bc5 6. 0-0 Nf6 7. d3 d6 8. c3 Bb6 9. h3 0-0 10. Re1 Ne7 11. Nbd2 Ng6 12. Nf1 h6 13. Ng3 Be6 14. Rf1 Qc8 15. Kh2 Re8 16. Ng1 c5 17. Bxe6 fxe6 18. f4 exf4 19. Bxf4 Nxf4 20. Rxf4 Bc7 21. Rf3 d5 22. Qe1 Qb8 23. Kh1 c4 24. N1e2 cxd3 25. Rxd3 dxe4 26. Re3 Bb6 27. Nd4 e5 28. Ndf5 Bxe3 29. Qxe3 Qa7 30. Nxe4 Qxe3 31. Nxf6+ gxf6 32. Nxe3 Rad8 33. Ng4 Kg7 34. a4 f5 35. Nh2 bxa4 0-1

[Event "SRB-ch sf (Women)"]
[Site "Paracin"]
[Date "2024.02.08"]
[Round "5"]
[White "Bukhteeva, Viktoria"]
[Black "Milicevic, Dunja"]
[Result "1-0"]
[WhiteElo "2070"]
[BlackElo "1432"]
[PlyCount "79"]
[EventDate "2024.02.05"]
[EventType "tourn"]
[EventRounds "9"]
[EventCountry "SRB"]
[SourceTitle "CB08_2024"]
[SourceDate "2024.02.21"]
[SourceVersion "1"]
[SourceVersionDate "2024.02.21"]
[SourceQuality "1"]

1. d4 d5 2. Bf4 c5 3. e3 Nf6 4. Nf3 Nc6 5. Nbd2 Nh5 6. Bg3 Nxg3 7. hxg3 Bg4 8. c3 Qb6 9. Qc2 g6 10. dxc5 Qxc5 11. Qa4 Bd7 12. Nb3 Qb6 13. 0-0-0 e6 14. Qf4 Be7 15. Nbd4 Nxd4 16. exd4 f6 17. Bd3 0-0-0 18. Qd2 Kb8 19. Rde1 Rc8 20. Kb1 a5 21. Ka1 Ka7 22. Rc1 Bb5 23. Bxb5 Qxb5 24. Rhe1 Rc6 25. Qe2 Qxe2 26. Rxe2 Re8 27. g4 Bd8 28. Rh1 Rc7 29. Rhe1 Rc6 30. Kb1 b5 31. Kc2 Kb7 32. Kd3 Ka6 33. g3 Kb6 34. Nd2 Kb7 35. f4 f5 36. g5 Kc8 37. Rh1 Rh8 38. Nf3 Rc7 39. Rxe6 Kd7 40. Rxg6 1-0